[Event "Astana Zhuldyzdary Open A"]
[Site "Astana KAZ"]
[Date "2023.07.15"]
[Round "7.24"]
[White "Kazhgaleyev, Murtas"]
[Black "Loskutova, Viktoriya"]
[Result "1-0"]
[WhiteTitle "GM"]
[BlackTitle "WFM"]
[WhiteElo "2503"]
[BlackElo "2185"]
[WhiteFideId "13700316"]
[BlackFideId "34166278"]
[EventDate "2023.07.11"]

1. d4 Nf6 2. c4 e6 3. Nc3 Bb4 4. e3 O-O 5. Bd3 Re8 6. Ne2 d5 7. a3 Bf8 8. O-O c6
9. Qc2 Nbd7 10. e4 dxe4 11. Nxe4 Nxe4 12. Bxe4 Nf6 13. Bd3 c5 14. dxc5 Bxc5 15.
Bg5 h6 16. Bh4 Be7 17. Nc3 Bd7 18. b4 a5 19. b5 b6 20. Rfd1 Qc7 21. Qe2 Red8 22.
Bg3 Qa7 23. Na4 Be8 24. Bf4 Nd7 25. Qe4 Nf6 26. Qe3 Nd7 27. Qg3 Kh8 28. Bc7 Bh4
29. Qd6 Be7 30. Qxe7 Qxc7 31. c5 bxc5 32. Be4 Rab8 33. Rd6 Rdc8 34. b6 Qd8 35.
Qxd8 Rxd8 36. Rad1 Rdc8 37. Rxd7 Bxd7 38. Rxd7 f5 39. b7 1-0

[Event "Astana Zhuldyzdary Open A"]
[Site "Astana KAZ"]
[Date "2023.07.15"]
[Round "7.25"]
[White "Irgaliyev, Alikhan"]
[Black "Faizrakhmanov, Ramil"]
[Result "0-1"]
[BlackTitle "IM"]
[WhiteElo "2082"]
[BlackElo "2457"]
[WhiteFideId "13705610"]
[BlackFideId "24103209"]
[EventDate "2023.07.11"]

1. d4 Nf6 2. Bg5 e6 3. e4 h6 4. Bxf6 Qxf6 5. Nf3 g5 6. e5 Qe7 7. Nc3 d6 8. exd6
cxd6 9. Bb5+ Bd7 10. O-O Bg7 11. Qe2 g4 12. Nd2 Bxd4 13. Qxg4 Bxc3 14. Bxd7+
Nxd7 15. bxc3 Ne5 16. Qd4 Rg8 17. f4 Nc6 18. Qa4 d5 19. Nb3 O-O-O 20. Rab1 Rd7
21. Qb5 Rc7 22. Rf3 Kb8 23. Rg3 Rxg3 24. hxg3 Nd8 25. Qd3 Qa3 26. Qd4 b6 27. Qh8
Rc8 28. Qe8 Qxa2 29. Ra1 Qxc2 30. Qd7 Nb7 31. Rxa7 Kxa7 32. Nd4 Qd1+ 33. Kh2 Rc5
34. Qxf7 Qe1 35. Qf6 h5 36. Nf3 Qxc3 37. Qxe6 d4 38. f5 Rc6 0-1

[Event "Astana Zhuldyzdary Open A"]
[Site "Astana KAZ"]
[Date "2023.07.15"]
[Round "7.26"]
[White "Begmuratov, Khumoyun"]
[Black "Rakhimzhan, Alen"]
[Result "1/2-1/2"]
[WhiteTitle "FM"]
[BlackTitle "FM"]
[WhiteElo "2391"]
[BlackElo "2154"]
[WhiteFideId "14210207"]
[BlackFideId "13707213"]
[EventDate "2023.07.11"]

1. e4 e5 2. Nf3 Nc6 3. Bc4 Bc5 4. d3 Nf6 5. Nc3 d6 6. a4 a6 7. Be3 Bxe3 8. fxe3
Be6 9. Bxe6 fxe6 10. O-O O-O 11. d4 exd4 12. exd4 d5 13. e5 Ne4 14. Qd3 Nxc3 15.
Qxc3 Qe7 16. Qd3 Rf4 17. c3 Raf8 18. Rf2 g5 19. g3 R4f5 20. h3 Qg7 21. Raf1 Ne7
22. Nh2 Qh6 23. Rxf5 Rxf5 24. Rxf5 Nxf5 25. Kg2 Qg6 26. Kf2 Qh6 27. Kg2 Qg6 28.
Kf2 Qh6 29. Kg2 1/2-1/2

[Event "Astana Zhuldyzdary Open A"]
[Site "Astana KAZ"]
[Date "2023.07.15"]
[Round "7.27"]
[White "Bayantas, Asman"]
[Black "Ibadov, Dashgyn"]
[Result "0-1"]
[BlackTitle "IM"]
[WhiteElo "2046"]
[BlackElo "2372"]
[WhiteFideId "13725254"]
[BlackFideId "24107514"]
[EventDate "2023.07.11"]

1. d4 d5 2. c4 e6 3. Nf3 Nf6 4. g3 c6 5. Bg2 dxc4 6. O-O b5 7. Ne5 Bb7 8. a4 a6
9. b3 cxb3 10. Bb2 Nbd7 11. Nd2 Nxe5 12. dxe5 Nd5 13. Qxb3 Be7 14. Ne4 O-O 15.
Rfd1 Qb6 16. a5 Qa7 17. Nd6 c5 18. Nxb7 c4 19. Rxd5 cxb3 20. Rd7 Rad8 21. Rxe7
Rd2 22. Ba3 b4 23. Bxb4 Qd4 24. Bxd2 Qxa1+ 25. Bf1 b2 26. Bc3 Qa3 0-1

[Event "Astana Zhuldyzdary Open A"]
[Site "Astana KAZ"]
[Date "2023.07.15"]
[Round "7.28"]
[White "Kamalidenova, Meruert"]
[Black "Moldagali, Beksultan"]
[Result "1/2-1/2"]
[WhiteTitle "WIM"]
[WhiteElo "2336"]
[BlackElo "2050"]
[WhiteFideId "13712802"]
[BlackFideId "13734768"]
[EventDate "2023.07.11"]

1. e4 e5 2. Nf3 Nc6 3. Bb5 a6 4. Ba4 Nge7 5. O-O Ng6 6. c3 d5 7. exd5 Qxd5 8.
Bb3 Qd3 9. Bc2 Qd5 10. Bb3 Qd3 11. Bc2 Qd5 12. d4 Bg4 13. Bb3 Bxf3 14. Bxd5 Bxd1
15. Rxd1 O-O-O 16. Bxc6 bxc6 17. Be3 Bc5 18. a4 Rhe8 19. Na3 exd4 20. cxd4 Bxa3
21. Rxa3 Ne7 22. g3 Kd7 23. Bc1 Nd5 24. Rf3 f6 25. b3 Re4 26. Ba3 Rde8 27. h4 h5
28. Kf1 Re2 29. Bf8 g6 30. Bg7 Rb2 31. Bh6 Rc2 32. Bd2 Re4 33. Ba5 Ke6 34. Re1
Rxe1+ 35. Kxe1 Rb2 36. Kd1 Ra2 37. Bd2 1/2-1/2

[Event "Astana Zhuldyzdary Open A"]
[Site "Astana KAZ"]
[Date "2023.07.15"]
[Round "7.29"]
[White "Kassimov, Baurzhan"]
[Black "Dumanuly, Sultanbeibarys"]
[Result "1-0"]
[WhiteTitle "IM"]
[WhiteElo "2304"]
[BlackElo "1833"]
[WhiteFideId "13704800"]
[BlackFideId "13731963"]
[EventDate "2023.07.11"]

1. c4 e5 2. Nc3 Nf6 3. Nf3 Nc6 4. e3 Bb4 5. Qc2 Bxc3 6. Qxc3 Qe7 7. Be2 O-O 8.
d4 e4 9. Nd2 d5 10. a3 a5 11. b3 Rd8 12. Bb2 Bg4 13. Bf1 Be6 14. h3 a4 15. b4
dxc4 16. Nxc4 Nd5 17. Qc2 f5 18. g3 Bf7 19. Be2 Qe8 20. Ne5 Nxe5 21. dxe5 Qe6
22. Rd1 c6 23. g4 Bg6 24. gxf5 Bxf5 25. Bg4 Bxg4 26. hxg4 Qxg4 27. Rd4 Ne7 28.
Qxe4 Rxd4 29. Qxd4 Qe6 30. Rh4 Nf5 31. Qc4 Re8 32. Re4 h5 33. Ke2 h4 34. Qxe6+
Rxe6 35. Rg4 h3 36. Rg1 Rh6 37. Rh1 h2 38. e4 Ne7 39. f3 Ng6 40. Bc1 Rh3 41. e6
Ne5 42. f4 Ng4 43. Kf1 Rc3 44. Kg2 b6 45. f5 c5 46. bxc5 bxc5 47. Bf4 c4 48.
Bxh2 Nxh2 49. Kxh2 Re3 50. Rd1 Rxe4 51. Rd8+ Kh7 52. Kg3 g6 53. f6 Rxe6 54. f7 1-0

[Event "Astana Zhuldyzdary Open A"]
[Site "Astana KAZ"]
[Date "2023.07.15"]
[Round "7.30"]
[White "Radzhabov, Rodion"]
[Black "Zhakan, Erasyl"]
[Result "0-1"]
[WhiteTitle "FM"]
[WhiteElo "2303"]
[BlackElo "1813"]
[WhiteFideId "884715"]
[BlackFideId "13722271"]
[EventDate "2023.07.11"]

1. Nf3 Nf6 2. g3 b6 3. Bg2 Bb7 4. O-O e6 5. c4 c5 6. Nc3 Be7 7. Re1 O-O 8. e4 d6
9. d4 cxd4 10. Nxd4 Qc8 11. b3 a6 12. Bb2 Nbd7 13. Qe2 Re8 14. Rad1 Bf8 15. g4
g6 16. Nc2 b5 17. cxb5 axb5 18. a3 Qc7 19. b4 Qb6 20. Ne3 Bc6 21. f4 Qb7 22. Qd3
Rec8 23. g5 Nh5 24. Ne2 Nb6 25. Bf3 Ng7 26. Nd4 Bd7 27. e5 d5 28. Ng4 Ne8 29.
Bc1 Nc4 30. h4 Qa7 31. Re2 Nxa3 32. Ra2 Bxb4 33. Kg2 Qc5 34. Nh6+ Kf8 35. h5 Nc4
36. Rxa8 Rxa8 37. hxg6 hxg6 38. Ng4 Ra2+ 39. Kg3 Ng7 40. Nb3 Qa7 41. Kh3 Nf5 42.
Bxd5 exd5 43. Qxd5 Nb6 44. Qe4 Qa8 45. Qxb4+ Kg7 46. Nd2 Ne3 47. Rg1 Bxg4+ 0-1

[Event "Astana Zhuldyzdary Open A"]
[Site "Astana KAZ"]
[Date "2023.07.15"]
[Round "7.31"]
[White "Tokbayev, Anuar"]
[Black "Abdilkhair, Abilmansur"]
[Result "1/2-1/2"]
[BlackTitle "FM"]
[WhiteElo "1809"]
[BlackElo "2248"]
[WhiteFideId "13724703"]
[BlackFideId "13716417"]
[EventDate "2023.07.11"]

1. d4 d5 2. c4 dxc4 3. Nf3 Nf6 4. g3 e6 5. Bg2 Be7 6. O-O O-O 7. Qc2 a6 8. a4 b5
9. axb5 Bb7 10. Nc3 axb5 11. Rxa8 Bxa8 12. Nxb5 c5 13. Qxc4 Bd5 14. Qd3 Qb6 15.
Nc3 Bxf3 16. dxc5 Bxe2 17. Qxe2 Qxc5 18. Be3 Qe5 19. Bf4 Qxe2 20. Nxe2 Nbd7 21.
Nc3 e5 22. Bg5 Rb8 23. Rb1 Bc5 24. Bxf6 Nxf6 25. Ne4 Nxe4 26. Bxe4 g6 27. Kg2
Kg7 28. g4 Kf6 29. h4 Rb4 30. f3 Rd4 31. Rc1 Rd2+ 32. Kh3 Be3 33. Rc2 Rd4 34.
Kg2 Kg7 35. b3 Bf4 36. Rc7 Rd2+ 37. Kg1 Bg3 38. h5 Rd4 39. Kg2 Bh4 40. Rb7 Be1
41. Kf1 Bb4 42. Ke2 Kf6 43. hxg6 hxg6 44. g5+ Kg7 45. Bd5 Be7 46. Rxe7 Rxd5 47.
Ke3 Rb5 48. Ke4 Rb4+ 49. Kxe5 Rxb3 50. Kf4 Rb1 51. Ra7 Rb6 52. Kg4 Kf8 53. f4
Rd6 54. Rb7 Ke8 55. Ra7 Rd7 56. Rxd7 Kxd7 57. Kf3 Kd6 58. Ke4 Ke6 59. f5+ Kd6
60. fxg6 fxg6 1/2-1/2

[Event "Astana Zhuldyzdary Open A"]
[Site "Astana KAZ"]
[Date "2023.07.15"]
[Round "7.32"]
[White "Sarzhanov, Chingizkhan"]
[Black "Suyarov, Mukhammadzokhid"]
[Result "1/2-1/2"]
[BlackTitle "FM"]
[WhiteElo "1889"]
[BlackElo "2366"]
[WhiteFideId "13724991"]
[BlackFideId "14210495"]
[EventDate "2023.07.11"]

1. d4 e6 2. c4 Nf6 3. Nc3 Bb4 4. Qc2 O-O 5. Nf3 c5 6. dxc5 Nc6 7. a3 Bxc3+ 8.
Qxc3 Ne4 9. Qc2 Qa5+ 10. Nd2 f5 11. e3 Nxd2 12. Qxd2 1/2-1/2

[Event "Astana Zhuldyzdary Open A"]
[Site "Astana KAZ"]
[Date "2023.07.15"]
[Round "7.33"]
[White "Amirali, Abzal"]
[Black "Kuderinov, Kirill"]
[Result "1-0"]
[BlackTitle "IM"]
[WhiteElo "2062"]
[BlackElo "2386"]
[WhiteFideId "13733346"]
[BlackFideId "13701568"]
[EventDate "2023.07.11"]

1. c4 Nf6 2. Nc3 c5 3. Nf3 g6 4. e3 Bg7 5. d4 O-O 6. d5 d6 7. Be2 e5 8. e4 h6 9.
h3 Nh7 10. g4 Na6 11. Be3 f5 12. gxf5 gxf5 13. exf5 e4 14. Nd2 Nb4 15. Rg1 Kh8
16. Ndxe4 Bxf5 17. Qd2 Qh4 18. O-O-O Nxa2+ 19. Nxa2 Qxe4 20. Nc3 Qh4 21. Bd3
Bxd3 22. Qxd3 Rg8 23. Rg4 Qxh3 24. Rdg1 Qh5 25. Qg6 Qxg6 26. Rxg6 Be5 27. Ne4 h5
28. f4 Rxg6 29. Rxg6 Bd4 30. Bxd4+ cxd4 31. Nxd6 Rf8 32. Nxb7 Rf7 33. Nd6 Rxf4
34. c5 Nf6 35. Rg5 d3 36. Kd2 Rd4 37. Rf5 Rxd5 38. Rxf6 Rxc5 39. Kxd3 Kg7 40.
Ne8+ Kg8 41. Nd6 Kg7 42. Rf5 Rxf5 43. Nxf5+ Kf6 44. Ke4 a5 45. Nd6 Kg5 46. Kf3 1-0

[Event "Astana Zhuldyzdary Open A"]
[Site "Astana KAZ"]
[Date "2023.07.15"]
[Round "7.35"]
[White "Sisabayev, Kuanysh"]
[Black "Erserik, Adlet"]
[Result "1-0"]
[WhiteTitle "FM"]
[WhiteElo "2235"]
[BlackElo "1992"]
[WhiteFideId "13702718"]
[BlackFideId "13709658"]
[EventDate "2023.07.11"]

1. e4 c5 2. Nf3 e6 3. b3 d5 4. exd5 exd5 5. Bb5+ Bd7 6. Bxd7+ Nxd7 7. O-O Ngf6
8. Re1+ Be7 9. Qe2 Rc8 10. Bb2 Rc6 11. Na3 a6 12. c4 d4 13. d3 Re6 14. Qd2 Rxe1+
15. Rxe1 O-O 16. Nc2 Bd6 17. b4 b6 18. a4 a5 19. b5 Re8 20. h3 h6 21. Bc1 Rxe1+
22. Ncxe1 Qe7 23. Kf1 Qe6 24. Qd1 Kh7 25. Nd2 g6 26. Qf3 g5 27. Qc6 Qe7 28. Nef3
Nh5 29. Ne4 Be5 30. g4 Ng7 31. h4 f6 32. hxg5 hxg5 33. Bxg5 fxg5 34. Nexg5+ Kg8
35. Qd5+ Kf8 36. Nh7+ Ke8 37. Qg8+ Nf8 38. Nxf8 Qxf8 39. Qxf8+ Kxf8 40. Nxe5 Ke7
41. Kg2 Kd6 42. f4 Ke6 43. Kf3 Ne8 44. Nc6 Nd6 45. f5+ Kf7 46. Kf4 Kf6 47. g5+
Kg7 48. Ne5 1-0

[Event "Astana Zhuldyzdary Open A"]
[Site "Astana KAZ"]
[Date "2023.07.15"]
[Round "7.36"]
[White "Tkachyov, Adil"]
[Black "Khamdamova, Afruza"]
[Result "1-0"]
[BlackTitle "WFM"]
[WhiteElo "1979"]
[BlackElo "2222"]
[WhiteFideId "13713558"]
[BlackFideId "14210444"]
[EventDate "2023.07.11"]

1. d4 Nf6 2. c4 e6 3. Nc3 d5 4. cxd5 exd5 5. Bg5 Be7 6. e3 O-O 7. Bd3 Nbd7 8.
Nf3 c6 9. Qc2 h6 10. Bh4 Re8 11. O-O Ne4 12. Bxe4 Bxh4 13. Bf5 Bf6 14. Na4 Nf8
15. Nc5 Qe7 16. Rfc1 b6 17. Bxc8 Raxc8 18. Nd3 Ne6 19. Qb3 Red8 20. Nde5 c5 21.
Qd3 Qb7 22. Ng4 Be7 23. Qf5 Bd6 24. Rd1 c4 25. Nfe5 b5 26. f4 Qe7 27. Rf1 Nf8
28. Rf3 Bxe5 29. fxe5 Qe6 30. Qh5 Qg6 31. Nxh6+ Kh7 32. Qxg6+ fxg6 33. Nf7 Rd7
34. e6 Nxe6 35. Rh3+ Kg8 36. Rh8+ Kxf7 37. Rf1+ Ke7 38. Rxc8 Rb7 39. Kf2 b4 40.
Ke2 Rb6 41. Ra8 Ra6 42. Rb8 Rxa2 43. Rxb4 Ng5 44. Kd2 Ne4+ 45. Kc2 Nd6 46. Rb8
Ra6 47. g4 Rc6 48. Rff8 Rc7 49. h4 Ke6 50. Rg8 Re7 51. Rh8 Kd7 52. Ra8 Kc6 53.
Kd2 Kb7 54. Rag8 Kc6 55. Rh7 Ne8 56. h5 gxh5 57. gxh5 Re6 58. Rf8 a6 59. Rhh8
Nd6 60. Rhg8 Re7 61. Ra8 Kb6 62. Rad8 Kc7 63. Ke2 Rf7 64. Ra8 Kb6 65. Rgb8+ Nb7
66. Rf8 Rc7 67. h6 gxh6 68. Rf6+ Rc6 69. Rxc6+ Kxc6 70. Rxa6+ Kc7 71. Rxh6 Nd6
72. Kd2 Kd7 73. Rg6 Ne4+ 74. Kc2 Kc7 75. Rh6 Nd6 76. Kd2 Kd7 77. Rg6 Ne4+ 78.
Kc2 Kc7 79. b3 cxb3+ 80. Kxb3 Kd7 81. Kb4 Kc7 82. Re6 Kd7 83. Rxe4 dxe4 84. Kc5 1-0

[Event "Astana Zhuldyzdary Open A"]
[Site "Astana KAZ"]
[Date "2023.07.15"]
[Round "7.37"]
[White "Doschanov, Zhaslan"]
[Black "Kenbeilov, Timur"]
[Result "1/2-1/2"]
[WhiteElo "2193"]
[BlackElo "1989"]
[WhiteFideId "13701207"]
[BlackFideId "13715755"]
[EventDate "2023.07.11"]

1. d4 Nf6 2. c4 e6 3. Nc3 d5 4. cxd5 exd5 5. Bf4 Bd6 6. Bxd6 Qxd6 7. e3 O-O 8.
Bd3 c5 9. Nge2 Nc6 10. h3 a6 11. Bc2 b5 12. dxc5 Qxc5 13. O-O Bb7 14. Nd4 Rac8
15. Bf5 Rc7 16. Nxc6 Qxc6 17. Qd4 Qd6 18. Rfd1 Rc4 19. Qd2 Qc6 20. f3 g6 21. Bd3
d4 22. exd4 Rxd4 23. Bxb5 Rxd2 24. Bxc6 Rxb2 25. Na4 Rb4 26. a3 Rb3 27. Nc5 Rc3
28. Bxb7 Rxc5 29. Bxa6 Ra8 30. Bf1 Rca5 31. Rd3 Kg7 32. Kf2 h5 33. h4 Ne8 34.
Re1 Nf6 35. Ra1 Ne8 36. g3 Nc7 37. Rc1 Nb5 38. Rd7 Nxa3 39. Rcc7 Rf8 40. Bd3 Nb5
41. Rc5 Ra2+ 42. Kf1 Na3 43. Rcc7 Rd2 44. Rc3 Ra8 45. Ke1 Rh2 46. Be4 Nb5 47.
Bxa8 Nxc3 48. Rc7 Nb5 49. Rd7 Nc3 50. Rc7 Nb5 51. Rd7 Rc2 52. Bd5 Rc7 53. Rxc7
Nxc7 54. Bc4 Ne8 55. Kf2 Nd6 56. Bd3 Kf6 57. g4 Ke5 58. Ke3 Ne8 59. f4+ Kd5 60.
f5 gxf5 61. Bxf5 Ke5 62. Kf3 Nf6 63. Bc8 hxg4+ 64. Bxg4 Ng8 65. Ke3 Nh6 66. Bh3
f5 67. Bxf5 Nxf5+ 68. Kf2 Nxh4 1/2-1/2

[Event "Astana Zhuldyzdary Open A"]
[Site "Astana KAZ"]
[Date "2023.07.15"]
[Round "7.39"]
[White "Zvereva, Margarita"]
[Black "Voinikonis, Nikita"]
[Result "1/2-1/2"]
[WhiteTitle "WFM"]
[BlackTitle "FM"]
[WhiteElo "1857"]
[BlackElo "2133"]
[WhiteFideId "34177741"]
[BlackFideId "34187500"]
[EventDate "2023.07.11"]

1. e4 c5 2. Nf3 d6 3. d4 cxd4 4. Nxd4 Nf6 5. Nc3 a6 6. Be2 e5 7. Nb3 Be7 8. Be3
O-O 9. O-O Be6 10. Qd3 Nbd7 11. Nd5 Bxd5 12. exd5 Rc8 13. c4 a5 14. Rac1 Re8 15.
Na1 Nc5 16. Qd1 Nfd7 17. b3 Bg5 18. a3 Bxe3 19. fxe3 Qg5 20. Rf3 f5 21. b4 axb4
22. axb4 Ne4 23. Nb3 b6 24. Nd2 Nxd2 25. Qxd2 Nf6 26. Bd1 Rc7 27. Bb3 Ra8 28.
Qb2 Ne4 29. Ra1 Rxa1+ 30. Qxa1 Nd2 31. Qa8+ Kf7 32. Rg3 Qh5 33. Qh8 Qh6 34. Bd1
Rxc4 35. Bh5+ g6 36. Bxg6+ Qxg6 37. Rxg6 hxg6 38. h4 Rc1+ 39. Kf2 Ne4+ 40. Ke2
Rc2+ 41. Kd1 Rxg2 42. Qh7+ Kf6 43. Qh8+ Kf7 44. Qh7+ Kf6 45. Qh8+ Kf7 46. Qh7+ 1/2-1/2

[Event "Astana Zhuldyzdary Open A"]
[Site "Astana KAZ"]
[Date "2023.07.15"]
[Round "7.40"]
[White "Bulatov, Ramil"]
[Black "Tleukhanov, Yerlan"]
[Result "1-0"]
[WhiteElo "2132"]
[BlackElo "1853"]
[WhiteFideId "4166140"]
[BlackFideId "13749692"]
[EventDate "2023.07.11"]

1. d4 Nf6 2. c4 e6 3. Nf3 b6 4. Nc3 Bb7 5. Bg5 Bb4 6. Nd2 h6 7. Bh4 c5 8. d5
Bxc3 9. bxc3 exd5 10. cxd5 Bxd5 11. e4 Bb7 12. e5 g5 13. Bg3 Nd5 14. Ne4 O-O 15.
Bc4 Ne3 16. fxe3 Bxe4 17. O-O Kg7 18. Qd6 Nc6 19. Rad1 b5 20. Bxb5 Qa5 21. Qf6+
Kh7 22. Bxc6 dxc6 23. Rd6 Bg6 24. e6 Qxa2 25. Be5 Rg8 26. exf7 Qxf7 27. Qxf7+
Bxf7 28. Rxf7+ 1-0

[Event "Astana Zhuldyzdary Open A"]
[Site "Astana KAZ"]
[Date "2023.07.15"]
[Round "7.41"]
[White "Kaliakhmet, Elnaz"]
[Black "Lupolov, Boris"]
[Result "1/2-1/2"]
[WhiteTitle "WFM"]
[WhiteElo "1818"]
[BlackElo "2121"]
[WhiteFideId "13730169"]
[BlackFideId "44130457"]
[EventDate "2023.07.11"]

1. d4 Nf6 2. c4 e6 3. Nf3 Bb4+ 4. Bd2 Qe7 5. Nc3 O-O 6. g3 d6 7. Bg2 e5 8. O-O
Bxc3 9. Bxc3 e4 10. Ne1 e3 11. Nd3 Re8 12. Bf3 c6 13. fxe3 Bh3 14. Re1 Qxe3+ 15.
Nf2 Bf5 16. Qc1 Qxc1 17. Raxc1 Be4 18. g4 h6 19. Bd2 Nbd7 20. Bf4 d5 21. b3 Re6
22. Bxe4 Nxe4 23. cxd5 cxd5 24. Rc7 Ndf6 25. Rxb7 Nxg4 26. Nxg4 Rg6 27. Kg2
Rxg4+ 28. Kf3 h5 29. Rc1 Rg6 30. Be5 a5 31. Rcc7 a4 32. b4 a3 33. h4 Rg1 34. Ke3
f6 35. Bf4 Re8 36. Kd3 Nf2+ 37. Kd2 Rg4 38. e3 Rg2 39. Kc3 Nd1+ 40. Kd3 Nb2+ 41.
Kc3 Nc4 42. b5 Nxe3 43. b6 Nc4 44. Rxc4 dxc4 45. Ra7 Rxa2 46. b7 Rb2 47. Ra8 Kf7
48. Rxe8 Kxe8 49. b8=Q+ Rxb8 50. Bxb8 Ke7 51. d5 g5 52. hxg5 fxg5 53. Be5 g4 54.
Kxc4 h4 55. Kb3 g3 56. Kxa3 g2 57. Bh2 g1=Q 58. Bxg1 Kd6 1/2-1/2

[Event "Astana Zhuldyzdary Open A"]
[Site "Astana KAZ"]
[Date "2023.07.15"]
[Round "7.42"]
[White "Mazhkenov, Alisher"]
[Black "Nurgaliyeva, Zarina"]
[Result "0-1"]
[BlackTitle "WFM"]
[WhiteElo "2119"]
[BlackElo "1921"]
[WhiteFideId "13718983"]
[BlackFideId "13730096"]
[EventDate "2023.07.11"]

1. e4 e5 2. Nf3 Nc6 3. Bb5 a6 4. Ba4 Nf6 5. O-O Be7 6. Re1 b5 7. Bb3 O-O 8. c3
d6 9. h3 Bb7 10. d3 Na5 11. Bc2 c5 12. Nbd2 Re8 13. Nf1 Bf8 14. Ng3 d5 15. exd5
Qxd5 16. Bg5 Qc6 17. Qe2 Nd5 18. Qf1 Qc7 19. Bd2 Rad8 20. Rad1 h6 21. Bc1 b4 22.
Bd2 Nb6 23. Re3 Bd5 24. Rde1 Nc6 25. Ra1 g6 26. Nh2 f5 27. Ree1 Qf7 28. h4 e4
29. Bf4 Bxa2 30. b3 bxc3 31. dxe4 Nb4 32. Rxa2 fxe4 33. Bxe4 Nxa2 34. Be3 Bd6
35. Ng4 Bf4 36. Qxa6 h5 37. Qxb6 hxg4 38. Bxf4 c2 39. Ra1 Rd1+ 40. Kh2 Rxe4 41.
Rxa2 Rxf4 42. Rxc2 Qf6 43. Qxf6 Rxf6 44. Rxc5 Rxf2 45. Ne4 Re2 46. Nf6+ Kg7 47.
Nxg4 Rdd2 48. Rc7+ Kf8 49. Rc8+ Kf7 50. Rc7+ Ke8 51. Kg3 Rxg2+ 52. Kf3 Rg1 53.
Rc3 Rd4 54. Rc4 Rgxg4 0-1

[Event "Astana Zhuldyzdary Open A"]
[Site "Astana KAZ"]
[Date "2023.07.15"]
[Round "7.43"]
[White "Goganova, Yana"]
[Black "Bolat, Inayat"]
[Result "0-1"]
[WhiteTitle "WFM"]
[WhiteElo "1958"]
[BlackElo "2085"]
[WhiteFideId "34115428"]
[BlackFideId "13733125"]
[EventDate "2023.07.11"]

1. d4 Nf6 2. c4 g6 3. Nc3 Bg7 4. e4 d6 5. Nf3 O-O 6. Be2 e5 7. O-O Bg4 8. d5 Na6
9. h3 Bd7 10. Ne1 Nc5 11. Bf3 a5 12. Nd3 Ne8 13. Nxc5 dxc5 14. Be3 b6 15. Qd2 f5
16. Bh6 Bxh6 17. Qxh6 f4 18. g3 Nd6 19. b3 Rf6 20. Bg2 Nf7 21. Qh4 f3 22. Bh1 g5
23. Qh5 g4 24. Qh4 gxh3 25. Kh2 Nh6 26. Rfd1 Ng4+ 27. Kg1 h2+ 28. Kf1 Rh6 29.
Qxd8+ Rxd8 30. Rd3 Nf6 31. Rxf3 Bh3+ 32. Ke1 Bg2 33. Rxf6 Rxf6 34. Bxg2 Rdf8 35.
Nd1 h5 36. Bh1 h4 37. g4 a4 38. Rc1 axb3 39. axb3 Rf3 40. Rc3 Rxc3 41. Nxc3 Ra8
42. Na4 b5 43. cxb5 c4 44. d6 cxd6 45. b6 cxb3 46. b7 Rb8 47. Kf1 Rxb7 48. Kg2
b2 49. Nxb2 Rxb2 50. Kxh2 Rxf2+ 51. Kh3 Kg7 52. Kxh4 Rh2+ 53. Kg5 0-1

[Event "Astana Zhuldyzdary Open A"]
[Site "Astana KAZ"]
[Date "2023.07.15"]
[Round "7.44"]
[White "Amangeldy, Ernur"]
[Black "Balabayeva, Xeniya"]
[Result "0-1"]
[BlackTitle "WIM"]
[WhiteElo "1932"]
[BlackElo "2239"]
[WhiteFideId "13720244"]
[BlackFideId "13719688"]
[EventDate "2023.07.11"]

1. d4 d5 2. Nf3 Nf6 3. c4 e6 4. g3 Bb4+ 5. Bd2 Be7 6. Bg2 O-O 7. O-O Nbd7 8. Na3
Ne4 9. Rc1 c6 10. Nb1 f5 11. Nc3 Bf6 12. cxd5 exd5 13. b4 a6 14. Qb3 Kh8 15.
Rfd1 Re8 16. Na4 Nb6 17. Nxb6 Qxb6 18. Be3 a5 19. a3 axb4 20. axb4 Qb5 21. Qd3
Qxb4 22. Rb1 Qe7 23. Rdc1 Ra3 24. Rb3 Rxb3 25. Qxb3 Nd6 26. Bf4 Nc4 27. h4 b5
28. h5 Qa7 29. e3 Qa4 30. Qd3 b4 31. h6 Qa3 32. hxg7+ Kxg7 33. Qb1 Be6 34. Bf1
Re7 35. Bg5 b3 36. Bxf6+ Kxf6 37. Ne5 b2 38. Rd1 Rb7 39. e4 Qb3 40. Rd3 Qa4 41.
exd5 cxd5 42. Qe1 b1=Q 0-1

[Event "Astana Zhuldyzdary Open A"]
[Site "Astana KAZ"]
[Date "2023.07.15"]
[Round "7.46"]
[White "Nauryzgaliev, Amangeldy"]
[Black "Ulkhanov, Azamat"]
[Result "1/2-1/2"]
[WhiteElo "1894"]
[BlackElo "2064"]
[WhiteFideId "13707434"]
[BlackFideId "13700235"]
[EventDate "2023.07.11"]

1. d4 Nf6 2. c4 g6 3. Nc3 Bg7 4. e4 d6 5. f3 O-O 6. Be3 e5 7. Nge2 exd4 8. Nxd4
Nc6 9. Be2 Re8 10. Qd2 Nh5 11. O-O Nxd4 12. Bxd4 Nf4 13. Be3 Nxe2+ 14. Nxe2 f5
15. Bg5 Qd7 16. Ng3 Qf7 17. Rac1 Be6 18. b3 a5 19. exf5 gxf5 20. Ne2 Bd7 21.
Rfe1 a4 22. Be3 axb3 23. axb3 Ra3 24. Rb1 b5 25. Bd4 bxc4 26. Bxg7 Qxg7 27. bxc4
Rae3 28. Kf1 Qh6 29. Qd5+ Kf8 30. h3 Qh4 31. Qd4 Qxd4 32. Nxd4 Rc3 33. Rxe8+
Kxe8 34. Rb8+ Kf7 35. Rh8 Kg6 36. Rd8 Ba4 37. Rf8 Bc2 38. Kf2 Rxc4 39. Ne6 Bb3
40. Kg3 Rc3 41. Nd4 Kg7 42. Rxf5 Bf7 43. Rf4 Rc4 44. h4 Kg6 45. h5+ Kg7 46. Kh4
c5 47. Nf5+ Kf6 48. Rxc4 Bxc4 49. Nxd6 Bd3 50. Kg3 Ke5 51. Nb7 c4 52. Na5 c3 53.
Kf2 Kd4 54. Nb3+ Kc4 55. Nc1 Kd4 56. Nb3+ Kc4 1/2-1/2

[Event "Astana Zhuldyzdary Open A"]
[Site "Astana KAZ"]
[Date "2023.07.15"]
[Round "7.47"]
[White "Akhilbay, Imangali"]
[Black "Smirnov, Mark"]
[Result "0-1"]
[BlackTitle "CM"]
[WhiteElo "2049"]
[BlackElo "1931"]
[WhiteFideId "13734857"]
[BlackFideId "13764594"]
[EventDate "2023.07.11"]

1. e4 c5 2. Nf3 Nc6 3. Nc3 d6 4. g3 g6 5. d4 cxd4 6. Nxd4 Bg7 7. Nde2 Nf6 8. Bg2
O-O 9. O-O Bd7 10. h3 Rc8 11. Be3 Ne5 12. b3 Nc6 13. Nd5 Nxd5 14. exd5 Nb4 15.
c3 Bb5 16. cxb4 Bxa1 17. Qxa1 Bxe2 18. Re1 Bb5 19. Bh6 f6 20. Bxf8 Kxf8 21. Qd4
a6 22. h4 Rc7 23. h5 Be8 24. Bf3 Qc8 25. Kg2 gxh5 26. Qf4 Kg7 27. Rh1 Bg6 28. g4
hxg4 29. Bxg4 f5 30. Qh6+ Kg8 31. Bh5 Qf8 32. Qe3 Qf7 33. Bf3 f4 34. Qb6 Rc3 35.
Qd8+ Qf8 36. Qxf8+ Kxf8 37. Rh4 Rc2 38. Rxf4+ Ke8 39. Rc4 Rxa2 40. Bg4 Kf7 41.
Bc8 b5 42. Rf4+ Kg7 43. Kg3 Ra3 44. Kh2 Bf7 45. Rg4+ Kf8 46. Rf4 Ke8 47. Bb7
Rxb3 48. Bxa6 Bxd5 49. Bxb5+ Kd8 50. Bf1 Rb1 51. Bd3 Rb2 52. Rf8+ Kd7 53. b5 e5
54. Bxh7 Ke7 55. Rb8 Rxf2+ 56. Kg3 Rf8 57. Rb6 Kd7 58. Ra6 Ra8 59. Bf5+ Kc7 60.
b6+ Kb7 0-1